| 000 | 00570nam a22002051 4500 | ||
|---|---|---|---|
| 001 | 752730 | ||
| 005 | 20180213033910.0 | ||
| 008 | 711012s1966 nyu b 000 0 eng | ||
| 010 | _a 66011015 | ||
| 040 |
_aDLC _cDLC _dDLC |
||
| 041 | _aeng | ||
| 080 | _a157.9 HAL | ||
| 082 | 0 | 0 | _a157.9 HAL |
| 100 | 1 | _a49 | |
| 101 | _aPSI | ||
| 245 | 1 | 4 | _aThe faith of the counsellors; |
| 504 | _aBibliography: p. 201-211. | ||
| 906 |
_a7 _bcbc _corignew _du _eocip _f19 _gy-gencatlg |
||
| 942 |
_2ddc _cBK |
||
| 999 |
_c42338 _d42338 |
||